| 000 | 00589nam a22001937a 4500 | ||
|---|---|---|---|
| 005 | 20251108174929.0 | ||
| 008 | 250721s2010 xx 000 0 ara d | ||
| 082 | 1 | 4 | _aم/926.1/عبا |
| 100 | 1 | _aعبابنة، سليم | |
| 245 | 1 | 0 | _aمعجم اعلام الطب في التاريخ العربي الاسلامي / |
| 264 | 1 |
_aعمان : _bدار البيروني للنشر، _c2010. |
|
| 300 | _a367ص. | ||
| 650 | 1 | 7 | _aالتراجم |
| 650 | 1 | 7 | _aالأطباء |
| 650 | 1 | 7 | _aالعرب |
| 650 | 1 | 7 | _aالتاريخ الاسلامي |
| 942 |
_2ddc _cREF |
||
| 999 |
_c121797 _d121797 |
||